000 00623nam a2200241Ia 4500
003 OSt
005 20220927105014.0
006 a|||||r|||| 00| 0
007 ta
008 220926b |||||||| |||| 00| 0 eng d
024 _a196240
037 _cReference Collections
040 _aRTL
_cRTL
_beng
041 _2eng
_aeng
082 _a"V2,4N51:8, L3.5"
110 _aBharatiya jana sangh
_9369290
245 0 _aParty documents
260 _c1973
300 _a220p
_ccm.
700 _aBharatiya jana sangh
_9369291
942 _h"V2,4N51:8, L3.5"
_cCC
999 _c690139
_d690139